|
|
|
|
| LEADER |
01100nam a2200301 a 4500 |
| 001 |
3820 |
| 003 |
BD-DhAAL |
| 005 |
20150304112237.0 |
| 008 |
150304s1989 nyua b 001 0 eng |
| 010 |
|
|
|a 88009245
|
| 020 |
|
|
|a 0582998700 (pbk.)
|
| 020 |
|
|
|a 080130007X (hard)
|
| 040 |
|
|
|a DLC
|c DLC
|d DLC
|d BD-DhAAL
|
| 050 |
0 |
0 |
|a HM258
|b .D35 1989
|
| 082 |
0 |
0 |
|a 302.2/34
|2 19
|
| 100 |
1 |
|
|a DeFleur, Melvin L.
|q (Melvin Lawrence),
|d 1923-
|9 9047
|
| 245 |
1 |
0 |
|a Theories of mass communication /
|c Melvin L. DeFleur, Sandra J. Ball-Rokeach.
|
| 250 |
|
|
|a 5th ed.
|
| 260 |
|
|
|a New York :
|b Longman,
|c c1989.
|
| 300 |
|
|
|a xiv, 368 p. :
|b ill. ;
|c 23 cm.
|
| 504 |
|
|
|a Includes bibliographies and index.
|
| 541 |
|
|
|e 3820
|
| 650 |
|
0 |
|a Mass media
|x Social aspects
|x History.
|9 9048
|
| 650 |
|
0 |
|a Mass media
|x Social aspects
|z United States
|x History.
|9 9049
|
| 700 |
2 |
|
|a Ball-Rokeach, Sandra.
|9 9050
|
| 942 |
|
|
|2 ddc
|c BK
|
| 999 |
|
|
|c 33879
|d 33879
|
| 952 |
|
|
|0 0
|1 0
|2 ddc
|4 0
|6 302_234000000000000_DEF
|7 0
|9 52878
|a SCL
|b SCL
|c GEN
|d 2015-03-04
|e Gift: The British Council
|l 0
|o 302.234 DEF
|p 3020003820
|r 2015-03-04
|t 1
|w 2015-03-04
|y BK
|